Oblivion Armour - Statistics

General Stats
  • This quiz has been taken 262 times
  • The average score is 10 of 12
Answer Stats
Level Armour % Correct
1 Iron
98%
3 Steel
98%
20+ Glass
96%
3 Leather
94%
20+ Daedric
91%
15 Elven
84%
15 Ebony
81%
6 Dwarven
77%
1 Fur
69%
10 Orcish
69%
10 Mithril
57%
6 Chainmail
50%
No matching quizzes found
Score Distribution
Percent of People with Each Score
Percentile by Number Answered
Your Score History
You have not taken this quiz